00418nam a2200145Ia 4500008004100000041000900041082001700050100002300067245002000090260003500110300000800145650000800153999001700161952009400178230718s9999 xx 000 0 und d aEng. a34573bCHA-F aChaudhary, Pir S.A 0aFeensic Science aPakistanbImran Law Bookc2010 a464 aLaw c28419d28419 00104070aSIRC-LbSIRC-Ld2023-07-18l0o34573 CHA-Fp23371r2023-07-18w2023-07-18yBK